Always Like This Lyrics - Statistics

General Stats
  • This quiz has been taken 8 times
  • The average score is 237 of 262
Answer Stats
Answer % Correct
all
100%
always
100%
and
100%
but
100%
But
100%
can
100%
for
100%
I
100%
If
100%
I'm
100%
Is
100%
it
100%
it's
100%
It's
100%
know
100%
like
100%
No,
100%
no,
100%
not
100%
off
100%
that
100%
the
100%
this
100%
you
100%
You
100%
your
100%
you're
100%
am
80%
been
80%
believe
80%
brightest
80%
can't
80%
come
80%
deem
80%
follow
80%
give
80%
happening
80%
heard
80%
in
80%
knows
80%
light
80%
me
80%
now
80%
Oh
80%
OK?
80%
on
80%
she
80%
She
80%
There
80%
to
80%
wait
80%
what
80%
whole
80%
won't
80%
at
60%
bay
60%
how
60%
Kept
60%
kept
60%
lightest?
60%
look
60%
mouth
60%
proud
60%
slightest
60%
Try
60%
waste
60%
Will
60%
words
60%
yes,
60%
live
40%
so
20%
No matching quizzes found
Score Distribution
Percent of People with Each Score
Percentile by Number Answered
Your Score History
You have not taken this quiz